| 000 | 00381 a2200145 4500 | ||
|---|---|---|---|
| 005 | 20250623071942.0 | ||
| 020 | _a978-1-4462-4918-5 | ||
| 082 | _a300.28 | ||
| 100 | _aFIELD,Andy | ||
| 245 | _aDiscovering Statistics using IBM SPSS Statistics | ||
| 250 | _a4th ed | ||
| 260 |
_aLondon _bSage _c2013 |
||
| 300 |
_axxxii,915p,;ill,Figure,picture _bReferences _c27CM. |
||
| 942 |
_2ddc _cBKS |
||
| 999 |
_c4583 _d4583 |
||